Statistics for Arsenal 2010's Starting XI

Click here to take the quiz!

General Stats

  • This quiz has been taken 7,777 times
    (6,706 since last reset)
  • The average score is 28 of 41

Answer Stats

Player% Correct
Alexis Sánchez
96%
PE Aubameyang
95%
Petr Čech
95%
Granit Xhaka
94%
Aaron Ramsey
92%
Bernd Leno
92%
Mesut Özil
91%
Alexandre Lacazette
86%
Robin van Persie
86%
David Ospina
82%
Héctor Bellerín
82%
Olivier Giroud
82%
Per Mertesacker
82%
Laurent Koscielny
81%
Sokratis
81%
Wojciech Szczesny
78%
Andrey Arshavin
76%
Sead Kolašinac
76%
Shkodran Mustafi
75%
Alex Iwobi
71%
Bacary Sagna
70%
Lucas Torreira
69%
Cesc Fabregas
68%
Nacho Monreal
66%
Santi Cazorla
64%
Alex Song
63%
Jack Wilshere
63%
Tomáš Rosický
60%
Gaël Clichy
56%
Thomas Vermaelen
55%
Theo Walcott
51%
Mattéo Guendouzi
49%
Samir Nasri
49%
Francis Coquelin
47%
Mikel Arteta
47%
Kieran Gibbs
43%
Lukas Podolski
43%
Manuel Almunia
42%
William Gallas
38%
Abou Diaby
36%
Sébastien Squillaci
20%

Score Distribution

Percentile by Number Answered

Percent of People with Each Score

Your Score History

You have not taken this quiz since the last reset